Introducción al antiguo testamento

Wedi'i Gadw mewn:
Manylion Llyfryddiaeth
Prif Awdur: Tábet, Miguel Ángel (autor)
Fformat: Llyfr
Iaith:Sbaeneg
Cyhoeddwyd: Madrid, España: Palabra, 2004.
Cyfres:Pelícano
Pynciau:
Tagiau: Ychwanegu Tag
Dim Tagiau, Byddwch y cyntaf i dagio'r cofnod hwn!

MARC

LEADER 00000cam a2200000 a 4500
001 UCK6476
003 CL-VaPUC
005 20241211152411.0
008 050930e20040000SP |||||||||||||||||spa|d
999 |c 314760  |d 314758 
020 |a 8482398466v.1 
040 |c Pontificia Universidad Católica de Valparaíso 
082 0 4 |a 221.61  |b TAB  |2 21 
100 |a Tábet, Miguel Ángel  |e autor  |9 495811 
245 1 0 |a Introducción al antiguo testamento 
260 |a Madrid, España:  |b Palabra,  |c 2004. 
300 |a v 
490 0 |a Pelícano 
500 |a v.1: Pentateuco y libros históricos v.2: Libros proféticos v.3: Libros poéticos y sapienciales 
583 |a last modification  |c 20130503 01:08:04  |k Rodrigo Vera 
650 0 |a Biblia  |9 870733  |x Antiguo testamento  |x Pentateuco  |x Libros proféticos  |x Libros sapienciales 
650 0 |a Libros sagrados  |9 302904 
942 |c BK  |2 ddc 
945 |d 20050930 00:00:00  |a jcarroza 
952 |0 0  |1 0  |4 0  |6 221_610000000000000_TAB_2004  |7 0  |8 A  |9 387479  |a BIBTEO  |b BIBTEO  |d 2019-11-22  |h v.1  |i 4169301  |o 221.61 TAB 2004  |p 4169301  |r 2025-01-17  |w 2019-11-22  |y BK  |k ICR 
952 |0 0  |1 0  |4 0  |6 221_610000000000000_TAB_2004  |7 0  |8 A  |9 387480  |a BIBTEO  |b BIBTEO  |d 2019-11-22  |h v.1  |i 4967267  |o 221.61 TAB 2004  |p 4967267  |r 2025-01-17  |w 2019-11-22  |y BK  |k ICR 
952 |0 0  |1 0  |4 0  |6 221_610000000000000_TAB_2004  |7 0  |8 A  |9 387481  |a BIBTEO  |b BIBTEO  |d 2019-11-22  |h v.1  |i 4967275  |o 221.61 TAB 2004  |p 4967275  |r 2025-01-17  |w 2019-11-22  |y BK  |k ICR 
952 |0 0  |1 0  |4 0  |6 221_610000000000000_TAB_2004  |7 0  |8 A  |9 387482  |a BIBTEO  |b BIBTEO  |d 2019-11-22  |h v.2  |i 4967283  |o 221.61 TAB 2004  |p 4967283  |r 2025-01-17  |w 2019-11-22  |y BK  |k ICR 
952 |0 0  |1 0  |4 0  |6 221_610000000000000_TAB_2004  |7 0  |8 A  |9 387483  |a BIBTEO  |b BIBTEO  |d 2019-11-22  |h v.2  |i 4967291  |o 221.61 TAB 2004  |p 4967291  |r 2025-01-17  |w 2019-11-22  |y BK  |k ICR 
952 |0 0  |1 0  |4 0  |6 221_610000000000000_TAB_2004  |7 0  |8 A  |9 387484  |a BIBTEO  |b BIBTEO  |d 2019-11-22  |h v.3  |i 4967305  |l 1  |o 221.61 TAB 2004  |p 4967305  |r 2025-01-17  |s 2023-11-17  |w 2019-11-22  |y BK  |k ICR 
952 |0 0  |1 0  |4 0  |6 221_610000000000000_TAB_2004  |7 0  |8 A  |9 387485  |a BIBTEO  |b BIBTEO  |d 2019-11-22  |h v.3  |i 4967313  |o 221.61 TAB 2004  |p 4967313  |r 2025-01-17  |w 2019-11-22  |y BK  |k ICR